00550nam a2200157Ia 4500008004100000082001900041100001700060245003300077260003700110300001000147630001800157650007500175942000900250952011600259999001700375211118s9999||||xx |||||||||||||| ||und|| a808.837bBON-M aBond, Ruskin 0aMales and Legends from India bRupa and CompanyaNewdelhic2000 a153p. xGeneral Stack aliterature and rhetoricvrhetoric and collections of literatureEnglish cBOOK 00104070aSBCLbSBCLc2d2021-11-18g50.00l0o808.837 BON-Mp00103333r2021-11-18 00:00:00w2021-11-18yBOOK c97953d97953